Russia or Ukraine - Statistics

General Stats
  • This quiz has been taken 35 times
  • The average score is 11 of 15
Answer Stats
Question Answer % Correct
Kyiv Ukraine
93%
Moscow Russia
87%
Vladivostok Russia
83%
Luhansk Ukraine
83%
Kherson Ukraine
80%
Krasnodar Russia
77%
Krasnoyarsk Russia
73%
Kazan Russia
73%
Sumy Ukraine
73%
Chernivtsi Ukraine
70%
Sevastapol Ukraine
70%
Voronezh Russia
67%
Tomsk Russia
67%
Bakhmut Ukraine
63%
Yalta Ukraine
63%
No matching quizzes found
Score Distribution
Percent of People with Each Score
Percentile by Number Answered
Your Score History
You have not taken this quiz